Architectural Icons of the UK - Statistics

General Stats
  • This quiz has been taken 29 times
    20 since last reset
  • The average score is 7 of 16
Answer Stats
Picture Answer % Correct
Buckingham Palace
94%
The Shard
94%
Tower Bridge
94%
Westminster Abbey
89%
Tower of London
78%
Royal Albert Hall
67%
Edinburgh Castle
61%
Lincoln Cathedral
44%
York Minster
44%
Salisbury Cathedral
33%
Whitby Abbey
22%
Caernarfon Castle
6%
King’s College Chapel
6%
Royal Pavilion
0%
Wales Millennium Centre
0%
Wollaton Hall
0%
No matching quizzes found
Score Distribution
Percent of People with Each Score
Percentile by Number Answered
Your Score History
You have not taken this quiz since the last reset